Návrh progresívnej technológie výroby pevného vedenia vysokozdvižného vozíka SID/KL 25 : Diplomová práca

Salvato in:
Dettagli Bibliografici
Autore principale: Slemenský, Štefan (Autore)
Altri autori: Laššák, Július (xxx)
Natura: Manoscritto Libro
Lingua:slovacco
Pubblicazione: Trnava : STU v Bratislave MtF KZaZS, 1994
Soggetti:
Tags: Aggiungi Tag
Nessun Tag, puoi essere il primo ad aggiungerne!!

MARC

LEADER 00000ntm a22000003a 4500
001 stu80583
005 20160719154941.9
008 030526s1994----xo------------------slo-d
040 |a STU  |b slo 
041 0 |a slo 
044 |a xo 
100 1 |a Slemenský, Štefan  |4 aut 
245 1 |a Návrh progresívnej technológie výroby pevného vedenia vysokozdvižného vozíka SID/KL 25 :  |b Diplomová práca 
260 |a Trnava :  |b STU v Bratislave MtF KZaZS,  |c 1994 
300 |a 66 s  |c príl. 
650 7 |a výrobné technológie  |2 stusub 
650 7 |a vysokozdvižné vozíky  |2 stusub 
650 7 |a strojárske technológie  |2 stusub 
700 1 |a Laššák, Július  |4 xxx 
996 |b 284M042121  |c M*DP-2121  |l MMSKP  |s P  |a 0  |w stu80583_0001